Normal view MARC view

Entry Corporate Name

Number of records used in: 11

001 - CONTROL NUMBER

  • control field: 1239537

003 - CONTROL NUMBER IDENTIFIER

  • control field: OSt

005 - DATE AND TIME OF LATEST TRANSACTION

  • control field: 20260514122541.0

008 - FIXED-LENGTH DATA ELEMENTS

  • fixed length control field: 260514|| aca||aabn | a|a d

040 ## - CATALOGING SOURCE

  • Original cataloging agency: OSt
  • Transcribing agency: OSt

110 ## - HEADING--CORPORATE NAME

  • Corporate name or jurisdiction name as entry element: Ophthalmology

670 ## - SOURCE DATA FOUND

  • Source citation: Work cat.: (OSt)1851486: Attri Dr.Jyotsna 1239534, To Evaluate the Diurnal Variation in Intra Ocular Pressure (IOP) in Cases of Primary Open Angle Glaucoma Pre and Post Antiglaucoma Medication.
Copyright @ Delhi University Library System